zpět

Detail výsledku týmu

Pěkná brynda ST, Beroun

Datum a čas kvízu

28 Celkem bodů Celkový počet nahraných bodů na tomto kvízu bez doplňovacích otázek.
5. Pořadí na kvízu Konečné umístění týmu na tomto kvízu.

Zaznamenané odpovědi

# Otázka Odpověď Body Výsledky
1. Krajský soud v Praze začal v ú... 1
2. Donald Trump přivítal v Bílém... 1
3. Americká spisovatelka Katherin... 1
4. Bývalá chlouba československéh... 1
5. Disciplinární komise Ligové fo... 1
6. Zvíře jménem Benjamin v Orwell... 1
7. Kniha Volání divočiny se odehr... 1
8. Příběhy medvídka Pú pochází z... 1
9. O Knize džunglí jsme se v kvíz... 0
10. Lev, čarodějnice a skříň není... 0